Niemieckie miasta z największą liczbą turystów - Statystyki

Ogólne statystyki
  • Ten quiz został rozwiązany 3 923 razy
  • Średni wynik to 7 z 10
Statystyki odpowiedzi
Turyści Miasto % Poprawnych
31,1 mln Berlin
100%
14,0 mln Monachium
95%
13,3 mln Hamburg
88%
8,8 mln Frankfurt nad Menem
78%
5,8 mln Kolonia
73%
4,3 mln Drezno
64%
2,9 mln Lipsk
60%
3,7 mln Stuttgart
48%
4,6 mln Düsseldorf
40%
3,2 mln Norymberga
38%
Nie znaleziono quizów pasujących do podanych kryteriów
Rozkład punktacji
Procent ludzi z każdym wynikiem
Percentyl według liczby udzielonych odpowiedzi
Twoja historia wyników
Nie rozwiązałeś tego quizu